El hombre y sus símbolos
Wedi'i Gadw mewn:
| Prif Awdur: | |
|---|---|
| Fformat: | Llyfr |
| Iaith: | Sbaeneg |
| Cyhoeddwyd: |
Barcelona
Luis de Caralt
1984
|
| Rhifyn: | 4a. ed |
| Pynciau: | |
| Tagiau: |
Ychwanegu Tag
Dim Tagiau, Byddwch y cyntaf i dagio'r cofnod hwn!
|
MARC
| LEADER | 00000cam a2200000 a 4500 | ||
|---|---|---|---|
| 001 | UCF1167 | ||
| 003 | CL-VaPUC | ||
| 008 | 120621e19841200SP |||||||||||||||||spa|d | ||
| 020 | |a 8421742086 | ||
| 082 | 0 | 4 | |a 154.6 |b JUN |2 21 |
| 100 | |a Jung, Carl Gustav |e autor |9 311444 | ||
| 245 | 1 | 3 | |a El hombre y sus símbolos |
| 250 | |a 4a. ed | ||
| 300 | |a 334 p | ||
| 942 | |c BK | ||
| 945 | |d 20120621 00:00:00 |a dcastane | ||
| 260 | |a Barcelona |b Luis de Caralt |c 1984 | ||
| 650 | 0 | |a Mitología |9 255719 | |
| 650 | 0 | |a Sueños |9 267047 | |
| 650 | 0 | |a Símbolos |9 267425 | |
| 650 | 0 | |a Naturaleza humana |9 308593 | |
| 583 | |a last modification |c 20180102 05:17:36 |k Rodrigo Vera | ||
| 999 | |c 348102 |d 348100 | ||
| 952 | |0 0 |1 0 |3 erb |4 0 |6 154_600000000000000_JUN_1984 |7 0 |8 A |9 449981 |a BIBARQ |b BIBARQ |i 5418267 |l 5 |o 154.6 JUN 1984 |p 5418267 |r 2025-01-20 |s 2024-06-27 |w 2019-11-22 |y BK |z Catalogado en:20170825 |k ARQ | ||